1989 all songs quiz - Statistics

General Stats
  • This quiz has been taken 55 times
  • The average score is 14 of 16
Answer Stats
Answer % Correct
Blank Space
98%
Shake It Off
98%
Style
94%
Welcome To New York
94%
New Romantics
92%
Wonderland
92%
Clean
90%
Out Of The Woods
88%
Wildest Dreams
88%
I Know Places
86%
I Wish You Would
86%
How You Get The Girl
84%
All You Had To Do Was Stay
80%
Bad Blood
80%
This Love
78%
You Are In Love
73%
No matching quizzes found
Score Distribution
Percent of People with Each Score
Percentile by Number Answered
Your Score History
You have not taken this quiz